Política Social: vínculo entre Estado y sociedad /
Salvato in:
| Autore principale: | |
|---|---|
| Ente Autore: | |
| Altri autori: | |
| Natura: | testo |
| Pubblicazione: |
San José:
UCR
|
| Soggetti: | |
| Tags: |
Aggiungi Tag
Nessun Tag, puoi essere il primo ad aggiungerne!!
|
MARC
| LEADER | 00000 a a2200000 04500 | ||
|---|---|---|---|
| 001 | 26964 | ||
| 003 | |||
| 040 | |||
| 020 | |a 9977-67-621-6 | ||
| 090 | |a 183110 | ||
| 100 | |a Reuben Soto, Sergio | ||
| 110 | |a Universidad de Costa Rica. Facultad de Ciencias Sociales. Escuela de Antropología y Sociología | ||
| 245 | |a Política Social: vínculo entre Estado y sociedad / |c Sergio Reuben Soto | ||
| 260 | |a San José: |b UCR | ||
| 300 | |a 449 p. |b **no definido** | ||
| 650 | |a POLITICA SOCIAL | ||
| 650 | |a AYUDA AL DESARROLLO | ||
| 650 | |a POLITICA ECONOMICA | ||
| 650 | |a COOPERACION INTERNACIONAL | ||
| 650 | |a AYUDA AL DESARROLLO | ||
| 650 | |a PRODUCTO INTERNO BRUTO | ||
| 650 | |a CRECIMIENTO ECONOMICO | ||
| 650 | |a BALANZA DE PAGOS | ||
| 650 | |a GOBIERNO CENTRAL | ||
| 650 | |a SECTOR PUBLICO | ||
| 650 | |a EMPLEO | ||
| 650 | |a SALARIOS | ||
| 650 | |a COSTO DE VIDA | ||
| 650 | |a GASTOS PUBLICOS | ||
| 700 | |a ed. | ||
| 999 | |c 14609 |d 14609 | ||



